000
00281nam a22001217a 4500
999
_c
14871
_d
14871
020
_a
9789350300220
082
_a
620.43
_b
KAP/ER
100
_a
Kapoor, manish
_9
2125
245
_a
Era of nanotechnology
260
_a
Jaipur
_b
Oxford book company
_c
2012
300
_a
280p
942
_c
BK